000
00342nam a2200145Ia 4500
100
_a
Whitman/Michael E/ Mattord/Herbert J
942
_c
BK
654
_a
information security
245
_a
Principles of information security
260
_b
Thomsan Learning
_c
2003
082
_a
5.8
_b
WHI
300
_a
532
546
_a
ENGLISH
999
_c
21977
_d
21977